| 000 | 01129nam a2200181 a 4500 | ||
|---|---|---|---|
| 001 | 000045246 | ||
| 005 | 20201002050012.0 | ||
| 008 | 150216s2004 dr ab 000 0 spa d | ||
| 040 |
_aDO-SdBNP _bspa _cBNPHU |
||
| 082 |
_axxxx _bxxxx |
||
| 110 | 1 |
_aCentro para la Conservación y Ecodesarrollo de la Bahía de Samaná y su Entorno _957672 |
|
| 245 | 1 | 3 |
_aLa iguana rinoceronte : _buna especie endémica seriamente amenazada. |
| 260 |
_aSamaná : _bCentro para la Conservación y Ecodesarrollo de la Bahía de Samaná y su Entorno CEBSE : _bBúho, _c2004. |
||
| 300 |
_a16 p. : _bil. ; _c28 cm. |
||
| 490 | 1 | _aRiquezas Ecológicas de la Península de Samaná -- | |
| 505 | 0 |
_t¿Quién es la iguana rinoceronte? -- _t¿Dónde vive? -- _t¿Cómo es la iguana rinoceronte? -- _t¿Qué ambientes prefiere? -- _t¿De qué se alimenta? -- _t¿Qué sabemos de su conducta? -- _t¿Cómo se reproduce? -- _t¿Por qué es una especie amenazada? -- _tImpactos a la iguana rinoceronte -- _tUn proyecto que debes conocer -- _tConsejos para nuestro iguanario -- _tPara nuestro iguanario -- |
|
| 830 | 0 |
_aRiquezas Ecológicas de la Península de Samaná _973273 |
|
| 999 |
_c44735 _d44735 |
||